000 00330nam a2200157Ia 4500
100 _aBlake/Roy
650 _aWireless
942 _cBK
366 _f25
245 _aWireless communication technology
260 _bCengage Learning
_c2001
082 _a621.382
_bBLA
300 _a604
546 _aENGLISH
_cTTL
999 _c32830
_d32830